<?xml version="1.0" encoding="UTF-8"?>
<record
    xmlns:xsi="http://www.w3.org/2001/XMLSchema-instance"
    xsi:schemaLocation="http://www.loc.gov/MARC21/slim http://www.loc.gov/standards/marcxml/schema/MARC21slim.xsd"
    xmlns="http://www.loc.gov/MARC21/slim">

  <leader>03517cam a2200421 i 4500</leader>
  <controlfield tag="001">20889062</controlfield>
  <controlfield tag="003">NUST</controlfield>
  <controlfield tag="005">20240604152656.0</controlfield>
  <controlfield tag="008">190313t20192019caua     b    100 0 eng c</controlfield>
  <datafield tag="010" ind1=" " ind2=" ">
    <subfield code="a">  2019011992</subfield>
  </datafield>
  <datafield tag="020" ind1=" " ind2=" ">
    <subfield code="a">9781606066188</subfield>
  </datafield>
  <datafield tag="038" ind1=" " ind2=" ">
    <subfield code="a">Malang Jan</subfield>
  </datafield>
  <datafield tag="040" ind1=" " ind2=" ">
    <subfield code="a">JPG/DLC</subfield>
    <subfield code="b">eng</subfield>
    <subfield code="e">rda</subfield>
    <subfield code="c">JPG</subfield>
    <subfield code="d">DLC</subfield>
  </datafield>
  <datafield tag="042" ind1=" " ind2=" ">
    <subfield code="a">pcc</subfield>
  </datafield>
  <datafield tag="050" ind1="0" ind2="0">
    <subfield code="a">CC135</subfield>
    <subfield code="b">.V34 2017</subfield>
  </datafield>
  <datafield tag="082" ind1="0" ind2="0">
    <subfield code="a">363.69</subfield>
    <subfield code="2">23</subfield>
  </datafield>
  <datafield tag="111" ind1="2" ind2=" ">
    <subfield code="a">Values in heritage management</subfield>
    <subfield code="d">(2017 :</subfield>
    <subfield code="c">Getty Conservation Institute),</subfield>
    <subfield code="j">author.</subfield>
    <subfield code="9">123204</subfield>
  </datafield>
  <datafield tag="245" ind1="0" ind2="0">
    <subfield code="a">Values in heritage management :</subfield>
    <subfield code="b">emerging approaches and research directions /</subfield>
    <subfield code="c">edited by Erica Avrami, Susan Macdonald, Randall Mason, and David Myers.</subfield>
  </datafield>
  <datafield tag="250" ind1=" " ind2=" ">
    <subfield code="a">First edition.</subfield>
  </datafield>
  <datafield tag="264" ind1=" " ind2="1">
    <subfield code="a">Los Angeles :</subfield>
    <subfield code="b">The Getty Conservation Institute,</subfield>
    <subfield code="c">2019.</subfield>
  </datafield>
  <datafield tag="264" ind1=" " ind2="4">
    <subfield code="c">&#xA9;2019</subfield>
  </datafield>
  <datafield tag="300" ind1=" " ind2=" ">
    <subfield code="a">x, 245 pages :</subfield>
    <subfield code="b">illustrations ;</subfield>
    <subfield code="c">26 cm</subfield>
  </datafield>
  <datafield tag="336" ind1=" " ind2=" ">
    <subfield code="a">text</subfield>
    <subfield code="2">rdacontent</subfield>
  </datafield>
  <datafield tag="337" ind1=" " ind2=" ">
    <subfield code="a">unmediated</subfield>
    <subfield code="2">rdamedia</subfield>
  </datafield>
  <datafield tag="338" ind1=" " ind2=" ">
    <subfield code="a">volume</subfield>
    <subfield code="2">rdacarrier</subfield>
  </datafield>
  <datafield tag="504" ind1=" " ind2=" ">
    <subfield code="a">Includes bibliographical references (pages 226-238).</subfield>
  </datafield>
  <datafield tag="505" ind1="0" ind2=" ">
    <subfield code="a">Foreword / Jeanne Marie Teutonico -- Background -- Introduction / Erica Avrami, Susan Macdonald, Randall Mason, and David Myers -- Mapping the Issue of Values / Erica Avrami and Randall Mason -- Perspectives from the Field -- Spatializing Values in Heritage Conservation: The Potential of Cultural Mapping / Erica Avrami -- Heritage Work: Understanding the Values, Applying the Values / Kristal Buckley -- The Shift toward Values in UK Heritage Practice / Kate Clark -- Understanding Values of Cultural Heritage within the Framework of Social Identity Conflicts / Karina V. Korostelina -- The Contemporary Values behind Chinese Heritage / Kuanghan Li -- Values-Based Management and the Burra Charter: 1979, 1999, 2013 / Richard Mackay -- Is Conservation of Cultural Heritage Halal?  Perspectives on Heritage Values Rooted in Arabic-Islamic Traditions / Hossam Mahdy -- Changing Concepts and Values in Natural Heritage Conservation: A View through IUCN and UNESCO Policies / Josep-Maria Mallarach and Bas Verschuuren -- Valuing Traumatic Heritage Places as Archives and Agents / Randall Mason -- Values and Relationships between Tangible and Intangible Dimensions of Heritage Places / Ayesha Pamela Rogers -- The Paradox of Valuing the Invaluable: Managing Cultural Values in Heritage Places / Tara Sharma -- Heritage Economics: Coming to Terms with Value and Valuation / David Throsby -- From the Inside Looking Out: Indigenous Perspectives on Heritage Values / Joe Watkins -- Appendix: Conclusions and Recommendations of the Symposium Participants -- Further Readings in Heritage Values.</subfield>
  </datafield>
  <datafield tag="520" ind1=" " ind2=" ">
    <subfield code="a">"This scholarly edited volume examines recent approaches to values-based heritage management and suggests avenues for further research"--Provided by publisher.</subfield>
  </datafield>
  <datafield tag="650" ind1=" " ind2="0">
    <subfield code="a">Historic preservation.</subfield>
    <subfield code="9">120822</subfield>
  </datafield>
  <datafield tag="650" ind1=" " ind2="0">
    <subfield code="a">Cultural property</subfield>
    <subfield code="x">Protection.</subfield>
    <subfield code="9">123205</subfield>
  </datafield>
  <datafield tag="700" ind1="1" ind2=" ">
    <subfield code="a">Avrami, Erica C.,</subfield>
    <subfield code="e">editor.</subfield>
    <subfield code="9">123206</subfield>
  </datafield>
  <datafield tag="710" ind1="2" ind2=" ">
    <subfield code="a">Getty Conservation Institute,</subfield>
    <subfield code="e">issuing body,</subfield>
    <subfield code="e">host institution,</subfield>
    <subfield code="e">organizer.</subfield>
    <subfield code="9">123207</subfield>
  </datafield>
  <datafield tag="776" ind1="0" ind2="8">
    <subfield code="i">Online version:</subfield>
    <subfield code="a">Values in heritage management (2017 : Getty Conservation Institute), author.</subfield>
    <subfield code="t">Values in heritage management</subfield>
    <subfield code="d">Los Angeles, California : The Getty Conservation Institute, [2019]</subfield>
    <subfield code="z">9781606066201</subfield>
    <subfield code="w">(DLC) 2019013650</subfield>
  </datafield>
  <datafield tag="906" ind1=" " ind2=" ">
    <subfield code="a">7</subfield>
    <subfield code="b">cbc</subfield>
    <subfield code="c">orignew</subfield>
    <subfield code="d">1</subfield>
    <subfield code="e">ecip</subfield>
    <subfield code="f">20</subfield>
    <subfield code="g">y-gencatlg</subfield>
  </datafield>
  <datafield tag="942" ind1=" " ind2=" ">
    <subfield code="2">ddc</subfield>
    <subfield code="c">BK</subfield>
  </datafield>
  <datafield tag="999" ind1=" " ind2=" ">
    <subfield code="c">609470</subfield>
    <subfield code="d">609470</subfield>
  </datafield>
  <datafield tag="952" ind1=" " ind2=" ">
    <subfield code="0">0</subfield>
    <subfield code="1">0</subfield>
    <subfield code="2">ddc</subfield>
    <subfield code="4">0</subfield>
    <subfield code="7">0</subfield>
    <subfield code="a">SADA</subfield>
    <subfield code="b">SADA</subfield>
    <subfield code="d">2024-06-03</subfield>
    <subfield code="e">Progressive Internal.</subfield>
    <subfield code="l">0</subfield>
    <subfield code="o">363.69 VAL 2019</subfield>
    <subfield code="p">SADA0003026</subfield>
    <subfield code="r">2024-06-04</subfield>
    <subfield code="t">01</subfield>
    <subfield code="v">16393.92</subfield>
    <subfield code="w">2024-06-04</subfield>
    <subfield code="y">BK</subfield>
  </datafield>
</record>
